| 000 | 00577nam a22001817a 4500 | ||
|---|---|---|---|
| 005 | 20160801114428.0 | ||
| 010 | _aENG-115559 | ||
| 020 |
_a9789384721398 _c395.00 |
||
| 037 | _aEN-99091 | ||
| 082 | _a809 | ||
| 245 |
_aLiterature, culture, and society / _cedited by Orance Mahaldar [and] Debdip Dhibar |
||
| 260 |
_aKolkata _bMaha Bodhi Book Agency _c2015 |
||
| 270 |
_a4A,Bankim Chaterjeee Street, College Square _bKolkata _e700073 |
||
| 300 |
_a246p. _c22cm(Hb) |
||
| 700 | _aMahaldar,Orance | ||
| 700 | _aDhibar,Debdip | ||
| 942 |
_2ddc _cEN _h809 _mLIT |
||
| 999 |
_c101530 _d101530 |
||